[Event "6. Lovsprings EMT Basis 4 1994"]
[Site "Ringsted"]
[Date "1994.03.27"]]
[Round "1"]
[White "Jensen, Finn Anker"]
[Black "Brons, Brian"]
[Result "1/2-1/2"]
[WhiteElo "1280"]
[BlackElo "1284"]
[PlyCount "81"]
[EventDate "1994.??.??"]

1. c4 Nf6 2. Nc3 d5 3. cxd5 Nxd5 4. g3 Nxc3 5. bxc3 Bd7 6. d4 Bc6 7. Nf3 e6 8.
Bf4 Bd6 9. Bxd6 cxd6 10. Bg2 Nd7 11. O-O O-O 12. Re1 Nf6 13. c4 h6 14. h4 Ng4
15. Nh2 Bxg2 16. Kxg2 Nf6 17. f4 h5 18. e4 g6 19. Nf3 Nh7 20. e5 d5 21. c5 b6
22. c6 Rc8 23. Rc1 Rc7 24. Rc3 Qe7 25. Qa4 Ra8 26. Rec1 a6 27. Qb3 Rb8 28. a4
b5 29. axb5 axb5 30. Rc5 Rb6 31. Rxb5 Rbxc6 32. Rxc6 Rxc6 33. Rb8+ Kg7 34. Rb7
Rc7 35. Rb5 Qd7 36. Ne1 Rc4 37. Qb2 Qc6 38. Kh3 Nf8 39. Rb6 Qc7 40. Rb7 Qc6 41.
Rb6 1/2-1/2

[Event "6. Lovsprings EMT Basis 4 1994"]
[Site "Ringsted"]
[Date "1994.03.27"]]
[Round "1"]
[White "Kemp, Arne"]
[Black "Larsen, Jesper Dyberg"]
[Result "1-0"]
[WhiteElo "1279"]
[BlackElo "1378"]
[PlyCount "77"]
[EventDate "1994.??.??"]

1. d4 d5 2. c4 e6 3. Nf3 Nf6 4. Bg5 Be7 5. e3 Nc6 6. Nc3 b6 7. cxd5 Nxd5 8.
Bxe7 Ncxe7 9. a3 O-O 10. Qc2 Ng6 11. Bd3 f5 12. O-O Bb7 13. Be2 Nh4 14. Nxh4
Nxc3 15. Qxc3 Qxh4 16. f3 Rac8 17. Bc4 Rf6 18. Qd3 Kh8 19. Ba6 Bxa6 20. Qxa6
Rff8 21. Qxa7 Qe7 22. Qa6 Ra8 23. Qd3 Rf6 24. Rac1 Rh6 25. g3 Rg6 26. Rf2 h5
27. Rg2 Rh6 28. h4 Ra7 29. f4 Ra5 30. Rgc2 Rg6 31. Kf2 c5 32. dxc5 Rxc5 33.
Rxc5 bxc5 34. Qc3 Qd6 35. Qc2 Rf6 36. a4 Rf7 37. Rd1 Qc6 38. b3 Rb7 39. Rd3 1-0

[Event "6. Lovsprings EMT Basis 4 1994"]
[Site "Ringsted"]
[Date "1994.03.27"]]
[Round "1"]
[White "Krag Jacobsen, Alan"]
[Black "Larsen, Anders"]
[Result "1/2-1/2"]
[WhiteElo "1278"]
[BlackElo "1204"]
[PlyCount "87"]
[EventDate "1994.??.??"]

1. d4 d5 2. c4 Nf6 3. e3 Bf5 4. Nc3 e6 5. a3 Be7 6. cxd5 Nxd5 7. Nxd5 Qxd5 8.
Nf3 O-O 9. Bd3 Bg6 10. Bxg6 fxg6 11. O-O Nd7 12. Re1 Bd6 13. e4 Qb5 14. e5 Be7
15. Re2 Rf5 16. Be3 Nb6 17. Rc1 Nd5 18. Rd2 Raf8 19. Qf1 Qe8 20. Qe2 g5 21.
Rdd1 Qh5 22. h3 g4 23. Nd2 gxh3 24. Qxh5 Rxh5 25. Nf3 hxg2 26. Kxg2 Rhf5 27.
Nh2 Nxe3+ 28. fxe3 Rf2+ 29. Kh1 c6 30. b4 Re2 31. Re1 Rff2 32. Rxe2 Rxe2 33.
Rc3 Bg5 34. Nf1 h5 35. a4 h4 36. Ra3 h3 37. b5 Bf4 38. exf4 Rf2 39. Kg1 Rg2+
40. Kh1 Rf2 41. Kg1 Rg2+ 42. Kh1 Rf2 43. Kg1 Rg2+ 44. Kh1 1/2-1/2

[Event "6. Lovsprings EMT Basis 4 1994"]
[Site "Ringsted"]
[Date "1994.03.27"]]
[Round "1"]
[White "Larsen, Ole"]
[Black "Helleberg, Jorgen"]
[Result "1-0"]
[WhiteElo "1418"]
[BlackElo "1395"]
[PlyCount "75"]
[EventDate "1994.??.??"]

1. e4 e6 2. d4 d5 3. e5 c5 4. c3 Nc6 5. Nf3 Qb6 6. Na3 a6 7. Rb1 cxd4 8. Nc2
dxc3 9. Be3 Qc7 10. bxc3 Nxe5 11. Bd4 Bd6 12. Nb4 Nf6 13. Nd3 Nfd7 14. Nfxe5
Nxe5 15. Qe2 Nxd3+ 16. Qxd3 Be5 17. Be2 Bxd4 18. Qxd4 O-O 19. O-O Bd7 20. Rfc1
Bc6 21. c4 e5 22. Qb2 d4 23. Qd2 Rfd8 24. Re1 Re8 25. f3 Rad8 26. Bd3 Rb8 27.
Rb2 b5 28. Qc2 bxc4 29. Rxb8 Rxb8 30. Qxc4 a5 31. Rc1 Rb6 32. Be4 Qb8 33. Bxc6
Rb1 34. Be4 Rxc1+ 35. Qxc1 g6 36. Qc5 a4 37. Qa5 Qc7 38. Qxc7 1-0

[Event "6. Lovsprings EMT Basis 4 1994"]
[Site "Ringsted"]
[Date "1994.03.27"]]
[Round "1"]
[White "Nielsen, Kurt"]
[Black "Keinicke, Mads"]
[Result "1/2-1/2"]
[WhiteElo "1286"]
[BlackElo "1291"]
[PlyCount "65"]
[EventDate "1994.??.??"]

1. Nf3 Nf6 2. c4 g6 3. d4 Bg7 4. Nc3 O-O 5. e4 d6 6. Be2 Nbd7 7. O-O e5 8. d5
Nc5 9. Qc2 Nh5 10. Be3 f5 11. Bxc5 dxc5 12. Nd2 Qg5 13. Bf3 f4 14. Qd3 a6 15.
Qe2 Nf6 16. g3 Qh6 17. Bh1 g5 18. f3 fxg3 19. hxg3 Nh5 20. Qh2 Bd7 21. Nb3 b6
22. Rad1 Rab8 23. a4 Rf6 24. Rd2 Rbf8 25. g4 Nf4 26. Qxh6 Rxh6 27. Bg2 Rff6 28.
Ne2 Nxe2+ 29. Rxe2 Bxa4 30. Nd2 Bf8 31. Ra1 Bd7 32. Rxa6 Bd6 33. Ra7 1/2-1/2

[Event "6. Lovsprings EMT Basis 4 1994"]
[Site "Ringsted"]
[Date "1994.03.27"]]
[Round "1"]
[White "Rasmussen, Bent"]
[Black "Kristensen, Benny"]
[Result "1/2-1/2"]
[WhiteElo "1302"]
[BlackElo "1340"]
[PlyCount "42"]
[EventDate "1994.??.??"]

1. e4 c5 2. Nf3 d6 3. Nc3 Nc6 4. d4 cxd4 5. Nxd4 Nf6 6. Bb5 Bd7 7. Bg5 e6 8.
O-O a6 9. Ba4 Be7 10. Re1 b5 11. Bb3 Na5 12. e5 Nxb3 13. Nxb3 dxe5 14. Rxe5 Qc7
15. Bxf6 gxf6 16. Rh5 Qf4 17. Qd4 Qxd4 18. Nxd4 f5 19. Nce2 Rd8 20. a3 f6 21.
Rc1 Kf7 1/2-1/2

[Event "6. Lovsprings EMT Basis 4 1994"]
[Site "Ringsted"]
[Date "1994.03.27"]]
[Round "1"]
[White "Steffensen, Hans Henrik"]
[Black "Hansen, Erik Olsgaard"]
[Result "0-1"]
[WhiteElo "1411"]
[BlackElo "1328"]
[PlyCount "88"]
[EventDate "1994.??.??"]

1. e4 c5 2. Nf3 d6 3. d3 Nf6 4. Be2 e6 5. O-O Be7 6. c4 Nc6 7. Nc3 O-O 8. b3 a6
9. Be3 d5 10. cxd5 exd5 11. exd5 Nxd5 12. Nxd5 Qxd5 13. Rc1 Bf5 14. Rc3 Rfd8
15. a3 b6 16. Ne1 Bf6 17. Bf3 Qe6 18. Rc4 Rac8 19. Bf4 Rd7 20. Be3 Ne5 21. Rc1
Nxd3 22. Nxd3 Rxd3 23. Qe2 Rcd8 24. Rcd1 Qxb3 25. Bc1 Rxd1 26. Rxd1 Rxd1+ 27.
Qxd1 Qxd1+ 28. Bxd1 Bd3 29. Bf3 c4 30. Bd5 c3 31. g3 c2 32. Bb3 b5 33. f4 Bd4+
34. Kg2 a5 35. a4 bxa4 36. Bxa4 f6 37. Kf3 Kf7 38. Bd2 Ke6 39. Bxc2 Bxc2 40.
Bxa5 Bd3 41. g4 g6 42. h4 h5 43. gxh5 gxh5 44. Bd2 Kf5 0-1

[Event "6. Lovsprings EMT Basis 4 1994"]
[Site "Ringsted"]
[Date "1994.03.27"]]
[Round "1"]
[White "Tanggaard, Stig"]
[Black "Youssef, Samir"]
[Result "1-0"]
[WhiteElo "1354"]
[BlackElo "1344"]
[PlyCount "71"]
[EventDate "1994.??.??"]

1. e4 c5 2. Nf3 d6 3. d4 cxd4 4. Nxd4 Nf6 5. Nc3 g6 6. Be3 Bg7 7. Bc4 a6 8. Qd2
Ng4 9. f3 Nxe3 10. Qxe3 e6 11. Nde2 Qc7 12. Bb3 Nc6 13. O-O O-O 14. f4 b5 15.
a3 Bb7 16. f5 exf5 17. exf5 Rfe8 18. Qf2 gxf5 19. Qxf5 Ne5 20. Nf4 Nc4 21. Ncd5
Bd4+ 22. Kh1 Bxd5 23. Nxd5 Qb7 24. Qg4+ Bg7 25. Nf6+ Kh8 26. Nxe8 Rxe8 27. Bxc4
bxc4 28. Qxc4 Qxb2 29. Rae1 Be5 30. Qxf7 Rg8 31. Qf5 Qb7 32. Rf3 Qg7 33. Qh3
Re8 34. Ref1 Qb7 35. Rf7 Qc7 36. Qxh7# 1-0

[Event "6. Lovsprings EMT Basis 4 1994"]
[Site "Ringsted"]
[Date "1994.04.03"]]
[Round "2"]
[White "Brons, Brian"]
[Black "Hansen, Erik Olsgaard"]
[Result "1/2-1/2"]
[WhiteElo "1284"]
[BlackElo "1328"]
[PlyCount "71"]
[EventDate "1994.??.??"]

1. e4 c5 2. Nf3 d6 3. d4 cxd4 4. Nxd4 Nf6 5. Nc3 a6 6. Bc4 e6 7. Be3 b5 8. Bb3
Bb7 9. f3 Nc6 10. Nxc6 Bxc6 11. a3 Be7 12. O-O O-O 13. Ne2 d5 14. e5 Nd7 15. f4
Bc5 16. Bd4 Bxd4+ 17. Qxd4 Qb6 18. Qxb6 Nxb6 19. Nd4 Rac8 20. c3 Nd7 21. Bc2
Nc5 22. Rae1 Bd7 23. Rf3 h5 24. Rh3 g6 25. Rg3 Kh7 26. Rh3 Kh6 27. g4 Rg8 28.
Kf1 Rh8 29. g5+ Kg7 30. Rg3 Rhe8 31. h4 Nb7 32. Bb3 Na5 33. Ba2 Nc6 34. Nxc6
Rxc6 35. Rd1 Rec8 36. Rd4 1/2-1/2

[Event "6. Lovsprings EMT Basis 4 1994"]
[Site "Ringsted"]
[Date "1994.04.03"]]
[Round "2"]
[White "Helleberg, Jorgen"]
[Black "Steffensen, Hans Henrik"]
[Result "1-0"]
[WhiteElo "1395"]
[BlackElo "1411"]
[PlyCount "75"]
[EventDate "1994.??.??"]

1. d4 Nf6 2. Nf3 e6 3. Bg5 Be7 4. Nbd2 O-O 5. e3 b6 6. Bd3 Bb7 7. O-O c5 8. c3
d5 9. Ne5 Nbd7 10. Ndf3 c4 11. Bc2 b5 12. a3 a5 13. b4 Qc7 14. Nxd7 Qxd7 15.
Ne5 Qc7 16. Qe2 Ne4 17. Bxe7 Qxe7 18. Qe1 f6 19. f3 fxe5 20. fxe4 dxe4 21.
Rxf8+ Qxf8 22. dxe5 Qf5 23. Qg3 axb4 24. Rf1 Qh5 25. Bd1 Qe8 26. axb4 Qd7 27.
Qf2 Bd5 28. Bh5 g6 29. Bg4 Qe7 30. h3 Ra3 31. Qb2 Qa7 32. Qf2 Qe7 33. Qe1 Ra2
34. Rf2 Qa7 35. Rf1 Qa3 36. Qh4 Qa7 37. Qd8+ Kg7 38. Qf8# 1-0

[Event "6. Lovsprings EMT Basis 4 1994"]
[Site "Ringsted"]
[Date "1994.04.03"]]
[Round "2"]
[White "Keinicke, Mads"]
[Black "Rasmussen, Bent"]
[Result "1-0"]
[WhiteElo "1291"]
[BlackElo "1302"]
[PlyCount "89"]
[EventDate "1994.??.??"]

1. e4 e5 2. Nf3 Nc6 3. d4 exd4 4. Nxd4 Nf6 5. Nc3 d6 6. Bc4 Ne5 7. Bb3 Be7 8.
O-O O-O 9. h3 Bd7 10. Bg5 c6 11. f4 Ng6 12. Kh1 Ne8 13. Bxe7 Qxe7 14. Qf3 Qh4
15. Qf2 Qh6 16. Rae1 Nf6 17. Kg1 Nh5 18. f5 Ne5 19. Qe3 Qxe3+ 20. Rxe3 Rae8 21.
Nf3 Kh8 22. Rd1 d5 23. exd5 Nxf3+ 24. Rxf3 cxd5 25. Nxd5 Bc6 26. Rfd3 Rd8 27.
g4 Nf6 28. Nxf6 Rxd3 29. Rxd3 gxf6 30. Kf2 Kg7 31. Bd5 Bb5 32. c4 Ba6 33. b4 b6
34. Re3 Rc8 35. Re4 Rc7 36. a4 Bc8 37. Ke3 Kf8 38. Kd4 a6 39. a5 b5 40. c5 Rd7
41. c6 Re7 42. Rxe7 Kxe7 43. Kc5 h5 44. Kb6 hxg4 45. hxg4 1-0

[Event "6. Lovsprings EMT Basis 4 1994"]
[Site "Ringsted"]
[Date "1994.04.03"]]
[Round "2"]
[White "Kristensen, Benny"]
[Black "Jensen, Finn Anker"]
[Result "1-0"]
[WhiteElo "1340"]
[BlackElo "1280"]
[PlyCount "49"]
[EventDate "1994.??.??"]

1. e4 c6 2. c4 d6 3. d4 Qd7 4. Nf3 f6 5. Nc3 e6 6. Be3 Ne7 7. Be2 a6 8. O-O b5
9. d5 cxd5 10. cxd5 e5 11. Nh4 g6 12. f4 Bh6 13. Qd2 exf4 14. Bxf4 Bxf4 15.
Qxf4 O-O 16. Nf3 Kg7 17. Ng5 Qa7+ 18. Kh1 h6 19. Ne6+ Bxe6 20. dxe6 Qc7 21. Nd5
Nxd5 22. exd5 Qe7 23. a4 Qb7 24. Qxd6 bxa4 25. e7 1-0

[Event "6. Lovsprings EMT Basis 4 1994"]
[Site "Ringsted"]
[Date "1994.04.03"]]
[Round "2"]
[White "Larsen, Anders"]
[Black "Nielsen, Kurt"]
[Result "1-0"]
[WhiteElo "1204"]
[BlackElo "1286"]
[PlyCount "75"]
[EventDate "1994.??.??"]

1. d4 Nf6 2. c4 c5 3. d5 b5 4. Nc3 b4 5. Nb1 a5 6. Bf4 d6 7. Nf3 g6 8. Nbd2 Bg7
9. e3 O-O 10. Be2 Nbd7 11. O-O Nb6 12. Ng5 Ra7 13. a4 Nfxd5 14. cxd5 Nxd5 15.
Qc2 Nxf4 16. exf4 e5 17. fxe5 Qxg5 18. exd6 Qe5 19. Nc4 Qe6 20. Rad1 Bd7 21. b3
Rb8 22. Rd3 Qf5 23. Qd1 Bc6 24. Bf3 Bxf3 25. Rxf3 Qd7 26. Re3 Bf8 27. Rfe1 Qc6
28. Rd3 Rd8 29. Ne5 Qc8 30. d7 Qc7 31. Qg4 Bd6 32. Nxf7 Qxd7 33. Qxd7 Rdxd7 34.
Nxd6 Ra6 35. Red1 Kg7 36. Nc4 Rxd3 37. Rxd3 Re6 38. Kf1 1-0

[Event "6. Lovsprings EMT Basis 4 1994"]
[Site "Ringsted"]
[Date "1994.04.03"]]
[Round "2"]
[White "Larsen, Jesper Dyberg"]
[Black "Steffensen, Ole"]
[Result "1-0"]
[WhiteElo "1378"]
[BlackElo "1300"]
[PlyCount "53"]
[EventDate "1994.??.??"]

1. e4 Nc6 2. d4 d5 3. Bb5 Qd6 4. e5 Qg6 5. Nf3 a6 6. Bxc6+ Qxc6 7. O-O Bf5 8.
c3 h6 9. Re1 e6 10. Bf4 Be7 11. Nbd2 Bd8 12. Rc1 Ne7 13. c4 Qd7 14. Nb3 b6 15.
c5 O-O 16. Rc3 Rc8 17. Qc1 Nc6 18. Bxh6 gxh6 19. Qxh6 Qe7 20. Ng5 Qxg5 21. Rg3
Qxg3 22. hxg3 Nb4 23. Rc1 Be7 24. a3 Nd3 25. Rc3 Nxb2 26. g4 Bg6 27. Rh3 1-0

[Event "6. Lovsprings EMT Basis 4 1994"]
[Site "Ringsted"]
[Date "1994.04.03"]]
[Round "2"]
[White "Larsen, Ole"]
[Black "Kemp, Arne"]
[Result "1-0"]
[WhiteElo "1418"]
[BlackElo "1279"]
[PlyCount "87"]
[EventDate "1994.??.??"]

1. e4 c5 2. Nf3 d6 3. d4 cxd4 4. Nxd4 Nf6 5. Nc3 e6 6. Be3 Bd7 7. Be2 Nc6 8.
Ndb5 Qb8 9. Bf4 e5 10. Bg5 a6 11. Bxf6 gxf6 12. Na3 Be6 13. Nc4 Qc7 14. Ne3 Nd4
15. Rc1 Bh6 16. Ra1 Bg5 17. Bd3 Rc8 18. Qh5 Bxe3 19. fxe3 Nc6 20. Rf1 Nb4 21.
Rxf6 Nxd3+ 22. cxd3 Qe7 23. Rf2 Qc7 24. Rc2 Qd7 25. h3 Ke7 26. Qg5+ Kf8 27. Qf6
Rg8 28. Rac1 Rg6 29. Qh8+ Ke7 30. Nd5+ Bxd5 31. Rxc8 Bc6 32. Qf8+ Kf6 33. Qd8+
Qe7 34. Rc2 Qxd8 35. Rxd8 Ke7 36. Rh8 h6 37. Rf2 Be8 38. g4 Ke6 39. Rxe8+ Kd7
40. Rf8 Ke6 41. R8xf7 b5 42. Ra7 Rg8 43. Rxa6 Rc8 44. Kd1 1-0

[Event "6. Lovsprings EMT Basis 4 1994"]
[Site "Ringsted"]
[Date "1994.04.03"]]
[Round "2"]
[White "Riise, Kim"]
[Black "Tanggaard, Stig"]
[Result "1/2-1/2"]
[WhiteElo "1308"]
[BlackElo "1354"]
[PlyCount "51"]
[EventDate "1994.??.??"]

1. Nf3 c5 2. g3 Nf6 3. c4 g6 4. b3 Bg7 5. Bb2 O-O 6. Bg2 Nc6 7. O-O d6 8. d4
cxd4 9. Nxd4 Bd7 10. Nd2 Qc8 11. Rc1 Nxd4 12. Bxd4 Bh3 13. e3 Bxg2 14. Kxg2 b6
15. Qf3 Nd7 16. Bxg7 Kxg7 17. h4 Ne5 18. Qe4 e6 19. Nf3 f5 20. Qc2 Nxf3 21.
Kxf3 Qc6+ 22. Ke2 Rac8 23. Qd3 Rfd8 24. Rfd1 Kf7 25. Qd4 Qd7 26. Kf1 1/2-1/2

[Event "6. Lovsprings EMT Basis 4 1994"]
[Site "Ringsted"]
[Date "1994.04.03"]]
[Round "2"]
[White "Youssef, Samir"]
[Black "Krag Jacobsen, Alan"]
[Result "1-0"]
[WhiteElo "1344"]
[BlackElo "1278"]
[PlyCount "39"]
[EventDate "1994.??.??"]

1. e4 e5 2. Nf3 Nc6 3. Bc4 Bc5 4. c3 Nf6 5. d4 exd4 6. cxd4 Bb4+ 7. Nc3 Nxe4 8.
O-O Bxc3 9. bxc3 O-O 10. Qc2 d5 11. Bd3 Re8 12. Re1 b6 13. Rxe4 dxe4 14. Bxe4
Rxe4 15. Qxe4 Bb7 16. Ng5 g6 17. Qf3 f5 18. Qe2 Ne7 19. Qe6+ Kg7 20. Qf7+ 1-0

[Event "6. Lovsprings EMT Basis 4 1994"]
[Site "Ringsted"]
[Date "1994.04.10"]]
[Round "3"]
[White "Hansen, Erik Olsgaard"]
[Black "Riise, Kim"]
[Result "1-0"]
[WhiteElo "1328"]
[BlackElo "1308"]
[PlyCount "146"]
[EventDate "1994.??.??"]

1. e4 c6 2. d4 d5 3. e5 Bf5 4. Bd3 Bxd3 5. Qxd3 e6 6. Ne2 Nd7 7. Bd2 c5 8. c3
c4 9. Qc2 h6 10. O-O Ne7 11. f4 h5 12. b4 Nf5 13. Rf3 h4 14. g4 hxg3 15. Nxg3
Nxg3 16. Rxg3 Qh4 17. Be3 g6 18. Qg2 Bh6 19. Rh3 Qe1+ 20. Qf1 Qxf1+ 21. Kxf1
O-O-O 22. Nd2 Bg7 23. Rxh8 Rxh8 24. Nf3 f6 25. Kg2 g5 26. exf6 Nxf6 27. fxg5
Ne4 28. Rc1 Re8 29. Nd2 Nd6 30. Bf4 Nf5 31. Nf3 Ne7 32. Be5 Bf8 33. h4 Nf5 34.
Kh3 Re7 35. Rg1 Ne3 36. Bf6 Rc7 37. Ne5 Nf5 38. Ng6 Bg7 39. Bxg7 Rxg7 40. Ne5
Rh7 41. Rg4 Ne3 42. Rf4 Nf5 43. g6 Rh6 44. Rg4 Ng7 45. Nf7 Rh5 46. Rg5 Rxg5 47.
Nxg5 Kd8 48. Nf7+ Ke7 49. Kg4 Kf6 50. h5 Nf5 51. Ne5 Nh6+ 52. Kf4 Nf5 53. Nd7+
Ke7 54. g7 Kf7 55. Nc5 Nxg7 56. h6 Nh5+ 57. Ke5 Nf6 58. Nxe6 Ng4+ 59. Kxd5 Nxh6
60. Nd8+ Ke7 61. Nxb7 Nf7 62. Kxc4 Kd7 63. Kb5 Kc7 64. Ka6 Ng5 65. Kxa7 Ne4 66.
c4 Nd6 67. Nxd6 Kxd6 68. b5 Kc7 69. b6+ Kd7 70. b7 Kc6 71. b8=Q Kd7 72. Qb6 Kc8
73. Qb7+ Kd8 1-0

[Event "6. Lovsprings EMT Basis 4 1994"]
[Site "Ringsted"]
[Date "1994.04.10"]]
[Round "3"]
[White "Helleberg, Jorgen"]
[Black "Larsen, Jesper Dyberg"]
[Result "0-1"]
[WhiteElo "1395"]
[BlackElo "1378"]
[PlyCount "78"]
[EventDate "1994.??.??"]

1. d4 Nf6 2. Nf3 d5 3. g3 Bg4 4. Bg2 e6 5. O-O Bd6 6. c4 c6 7. cxd5 cxd5 8. Bg5
Nbd7 9. Nc3 h6 10. Bxf6 Qxf6 11. Nb5 Qe7 12. Rc1 O-O 13. Nxd6 Qxd6 14. Qd2 Rfc8
15. e3 h5 16. Rc3 Rxc3 17. Qxc3 Nb6 18. Qc5 Qxc5 19. dxc5 Nc4 20. b3 Bxf3 21.
Bxf3 Nd2 22. Bg2 Nxf1 23. Kxf1 Rc8 24. b4 b6 25. cxb6 axb6 26. Bf3 Rc1+ 27. Kg2
g6 28. b5 Ra1 29. Be2 Rxa2 30. Bf1 Kf8 31. Kf3 Ke7 32. h4 e5 33. Kg2 Rd2 34.
Kg1 Rd1 35. Kg2 Rxf1 36. Kxf1 Kd6 37. Ke2 Kc5 38. Kd3 Kxb5 39. Kc3 Ka4 0-1

[Event "6. Lovsprings EMT Basis 4 1994"]
[Site "Ringsted"]
[Date "1994.04.10"]]
[Round "3"]
[White "Keinicke, Mads"]
[Black "Kristensen, Benny"]
[Result "1-0"]
[WhiteElo "1291"]
[BlackElo "1340"]
[PlyCount "69"]
[EventDate "1994.??.??"]

1. e4 c5 2. Nf3 d6 3. d4 cxd4 4. Nxd4 Nf6 5. Nc3 a6 6. Bd3 e5 7. Nf3 h6 8. h3
Be6 9. O-O Be7 10. Be3 b5 11. a3 O-O 12. Qd2 Nc6 13. Nh2 Qc7 14. f4 exf4 15.
Bxf4 Ne5 16. Nf3 Rfd8 17. Nd4 Bd7 18. Rac1 Nc4 19. Bxc4 Qxc4 20. b3 Qc7 21. Qe3
Be6 22. Rf3 Rac8 23. Bxh6 gxh6 24. Qxh6 Nh7 25. Rg3+ Bg5 26. Rxg5+ Nxg5 27.
Qxg5+ Kf8 28. Nxe6+ fxe6 29. Rf1+ Ke8 30. Qg6+ Kd7 31. Rf7+ Kc6 32. Rxc7+ Kxc7
33. Qxe6 Kb7 34. Nd5 Rxc2 35. Qe7+ 1-0

[Event "6. Lovsprings EMT Basis 4 1994"]
[Site "Ringsted"]
[Date "1994.04.10"]]
[Round "3"]
[White "Kemp, Arne"]
[Black "Larsen, Anders"]
[Result "0-1"]
[WhiteElo "1279"]
[BlackElo "1204"]
[PlyCount "96"]
[EventDate "1994.??.??"]

1. d4 d5 2. c4 e6 3. Nc3 Nf6 4. Bg5 Be7 5. e3 b6 6. Nf3 h6 7. Bh4 Bb7 8. cxd5
Nxd5 9. Bxe7 Qxe7 10. Be2 O-O 11. O-O Nd7 12. Rc1 N7f6 13. Ne5 Nxc3 14. Rxc3
Nd5 15. Rc1 Rac8 16. Bf3 Qg5 17. a3 a5 18. Qd2 Kh8 19. Rc2 c5 20. Nc4 Rc7 21.
Rfc1 Rd8 22. g3 Nxe3 23. h4 Qf5 24. Qxe3 cxd4 25. Qf4 Qxf4 26. gxf4 Bxf3 27.
Ne5 Rxc2 28. Rxc2 Bh5 29. Nd3 Bg6 30. Rd2 f6 31. f3 Bxd3 32. Rxd3 e5 33. fxe5
fxe5 34. Kf2 Kg8 35. Ke2 Kf7 36. Rb3 Rd6 37. Kd3 Kf6 38. Ke4 g6 39. Kd3 Kf5 40.
Ke2 Kf4 41. Rd3 e4 42. fxe4 Kxe4 43. Kd2 Rf6 44. Ke2 Rf2+ 45. Kxf2 Kxd3 46. Ke1
Kc2 47. b4 d3 48. bxa5 d2+ 0-1

[Event "6. Lovsprings EMT Basis 4 1994"]
[Site "Ringsted"]
[Date "1994.04.10"]]
[Round "3"]
[White "Rasmussen, Bent"]
[Black "Jensen, Finn Anker"]
[Result "1/2-1/2"]
[WhiteElo "1302"]
[BlackElo "1280"]
[PlyCount "62"]
[EventDate "1994.??.??"]

1. e4 c6 2. Nf3 d5 3. e5 Bf5 4. d4 e6 5. Bd3 Bxd3 6. Qxd3 Nd7 7. O-O f6 8. Re1
c5 9. c3 f5 10. Ng5 Qb6 11. Nd2 h6 12. Qh3 g6 13. Ngf3 O-O-O 14. Nb3 c4 15.
Nbd2 Be7 16. Nh4 Nf8 17. Nhf3 Kb8 18. b3 Rc8 19. Bb2 h5 20. Reb1 g5 21. Ne1 Ng6
22. bxc4 dxc4 23. Ba3 Nf4 24. Qf3 Qc6 25. Bxe7 Nxe7 26. Qd1 h4 27. Rb4 Qd5 28.
Rab1 Rc7 29. Rb5 Qd7 30. Nxc4 Ned5 31. R5b3 b6 1/2-1/2

[Event "6. Lovsprings EMT Basis 4 1994"]
[Site "Ringsted"]
[Date "1994.04.10"]]
[Round "3"]
[White "Steffensen, Ole"]
[Black "Steffensen, Hans Henrik"]
[Result "0-1"]
[WhiteElo "1300"]
[BlackElo "1411"]
[PlyCount "88"]
[EventDate "1994.??.??"]

1. d4 Nf6 2. e3 e6 3. Nc3 b6 4. Be2 Bb7 5. Bf3 d5 6. a3 c5 7. b3 Nc6 8. Nge2
Bd6 9. Bb2 a6 10. O-O Rc8 11. Qd2 O-O 12. Na4 cxd4 13. Nxd4 Nxd4 14. Bxd4 b5
15. Nb2 Qc7 16. g3 e5 17. c4 exd4 18. cxb5 dxe3 19. Qxe3 axb5 20. Qd3 Qc3 21.
Rab1 Rc7 22. Bg2 Be5 23. Qxb5 Qd2 24. Qb6 Bc8 25. Qe3 Qxe3 26. fxe3 Bf5 27. a4
Bxb1 28. Rxb1 Bxb2 29. Rxb2 Ne4 30. Kf1 Rc3 31. Ke2 Rfc8 32. Bxe4 dxe4 33. Kd2
Rd3+ 34. Ke2 Rcc3 35. a5 h6 36. a6 Rxb3 37. Rc2 Ra3 38. Rc4 Ra2+ 39. Ke1 Rb3
40. Kd1 Rb1+ 41. Rc1 Rbb2 42. a7 Rxa7 43. h4 Raa2 44. g4 Rh2 0-1

[Event "6. Lovsprings EMT Basis 4 1994"]
[Site "Ringsted"]
[Date "1994.04.10"]]
[Round "3"]
[White "Tanggaard, Stig"]
[Black "Larsen, Ole"]
[Result "1-0"]
[WhiteElo "1354"]
[BlackElo "1418"]
[PlyCount "49"]
[EventDate "1994.??.??"]

1. e4 c5 2. Nf3 d6 3. d4 cxd4 4. Nxd4 Nf6 5. Nc3 g6 6. Bc4 Bg7 7. Be3 O-O 8. f3
Nc6 9. Qd2 a6 10. O-O-O Na5 11. Bb3 Nxb3+ 12. Nxb3 Be6 13. Nd5 Nxd5 14. exd5
Bf5 15. g4 Bd7 16. h4 Rc8 17. h5 Ba4 18. hxg6 fxg6 19. Bd4 Bxb3 20. axb3 Bxd4
21. Qxd4 Rxf3 22. Rxh7 e5 23. dxe6 Qg5+ 24. Kb1 Rf6 25. Rdh1 1-0

[Event "6. Lovsprings EMT Basis 4 1994"]
[Site "Ringsted"]
[Date "1994.04.10"]]
[Round "3"]
[White "Youssef, Samir"]
[Black "Brons, Brian"]
[Result "1-0"]
[WhiteElo "1344"]
[BlackElo "1284"]
[PlyCount "45"]
[EventDate "1994.??.??"]

1. e4 e5 2. Nf3 Nc6 3. Bc4 Bc5 4. c3 Nf6 5. d4 exd4 6. cxd4 Bb4+ 7. Nc3 O-O 8.
Bd3 h6 9. O-O Bxc3 10. bxc3 d6 11. Bc2 Ne7 12. Qd3 Ng6 13. h4 Bg4 14. Rd1 Re8
15. Re1 Qc8 16. Nh2 h5 17. Bg5 Nh7 18. Qd2 c5 19. Nxg4 Qxg4 20. Bd1 Qc8 21.
Bxh5 Qe6 22. f4 Qc4 23. Be2 1-0

[Event "6. Lovsprings EMT Basis 4 1994"]
[Site "Ringsted"]
[Date "1994.04.24"]]
[Round "4"]
[White "Brons, Brian"]
[Black "Kemp, Arne"]
[Result "0-1"]
[WhiteElo "1284"]
[BlackElo "1279"]
[PlyCount "80"]
[EventDate "1994.??.??"]

1. e4 c5 2. Nf3 e6 3. d4 cxd4 4. Nxd4 Nf6 5. Nc3 Nc6 6. Nxc6 bxc6 7. Bd3 d5 8.
O-O Be7 9. exd5 cxd5 10. Ne2 O-O 11. c3 Bd7 12. Bf4 a5 13. Bc2 Bb5 14. Re1 Bc5
15. Be3 Bxe3 16. fxe3 Qb6 17. Qd4 Qxd4 18. Nxd4 Bd7 19. Nf3 h6 20. Rab1 Rfc8
21. h3 a4 22. Kf2 a3 23. Bb3 axb2 24. Rxb2 Ne4+ 25. Kg1 Nxc3 26. Rf1 Ba4 27.
Ra1 Bxb3 28. Rxb3 Nxa2 29. Kh2 Nc1 30. Rxa8 Rxa8 31. Rc3 Na2 32. Rb3 Rc8 33.
Ra3 Nc3 34. Rb3 Ne4 35. Rb2 f6 36. Nd4 Re8 37. Rb6 e5 38. Nf5 g6 39. Nxh6+ Kg7
40. Ng4 f5 0-1

[Event "6. Lovsprings EMT Basis 4 1994"]
[Site "Ringsted"]
[Date "1994.04.24"]]
[Round "4"]
[White "Hansen, Erik Olsgaard"]
[Black "Tanggaard, Stig"]
[Result "1/2-1/2"]
[WhiteElo "1328"]
[BlackElo "1354"]
[PlyCount "97"]
[EventDate "1994.??.??"]

1. e4 c5 2. Nf3 d6 3. d4 cxd4 4. Nxd4 Nf6 5. Nc3 g6 6. Be3 Bg7 7. f3 Nc6 8.
Nxc6 bxc6 9. Qd2 Be6 10. Be2 O-O 11. g4 h5 12. gxh5 Nxh5 13. f4 Qa5 14. Rg1
Bxc3 15. Qxc3 Qxc3+ 16. bxc3 Ng7 17. f5 gxf5 18. Bh6 Kh7 19. Bxg7 Rg8 20. exf5
Bxf5 21. Bd4 c5 22. Bf2 Rxg1+ 23. Bxg1 Bxc2 24. Kd2 Bg6 25. Bd3 Kg7 26. Bf2 Rb8
27. Bxg6 fxg6 28. Kc2 Kf7 29. Rb1 Rxb1 30. Kxb1 a6 31. c4 e6 32. Kc2 Kf6 33.
Kb3 Kf5 34. Ka4 Ke4 35. Ka5 d5 36. cxd5 Kxd5 37. Kxa6 c4 38. Be3 e5 39. a4 Ke4
40. Bc1 Kd3 41. Kb6 e4 42. a5 e3 43. Bxe3 Kxe3 44. a6 c3 45. a7 c2 46. a8=Q
c1=Q 47. Qe8+ Kf3 48. Qxg6 Qb2+ 49. Kc6 1/2-1/2

[Event "6. Lovsprings EMT Basis 4 1994"]
[Site "Ringsted"]
[Date "1994.04.24"]]
[Round "4"]
[White "Jensen, Finn Anker"]
[Black "Helleberg, Jorgen"]
[Result "1-0"]
[WhiteElo "1280"]
[BlackElo "1395"]
[PlyCount "129"]
[EventDate "1994.??.??"]

1. c4 c5 2. Nc3 Nf6 3. g3 e6 4. Bg2 d6 5. d3 Nbd7 6. Nf3 Be7 7. Qc2 Rb8 8. a4
b6 9. e4 e5 10. Qe2 O-O 11. Rb1 a6 12. O-O Re8 13. b4 cxb4 14. Rxb4 d5 15. Rb1
d4 16. Na2 a5 17. Bd2 Ba6 18. Bh3 Bf8 19. Bg5 Qc7 20. Ne1 h6 21. Bd2 Nc5 22.
Qd1 Qc6 23. f4 Bd6 24. fxe5 Bxe5 25. Nf3 Rbd8 26. Nxe5 Rxe5 27. Bf4 Ree8 28. e5
Nh7 29. Bg2 Qd7 30. Rxb6 Bb7 31. Bxb7 Nxb7 32. Rb5 Nf8 33. Qf3 Re7 34. Rfb1
Ree8 35. Rxb7 Qxa4 36. R7b2 Ne6 37. Bd2 Ng5 38. Bxg5 hxg5 39. Rf1 Rf8 40. Rbf2
Qa3 41. Nc1 Rb8 42. Ne2 Rb3 43. Rd1 Qc5 44. Qe4 Rd8 45. Qf5 Qe7 46. Qe4 Qc5 47.
Rf5 Qb6 48. Rxg5 a4 49. Nf4 Rb2 50. Nd5 Qh6 51. h4 a3 52. Qxd4 Rdb8 53. Nf6+
Kh8 54. Rh5 Qxh5 55. Nxh5 a2 56. e6 f6 57. Qd7 Rg8 58. Qa7 Rb1 59. Qxa2 Rxd1+
60. Kf2 Rxd3 61. Nf4 Rd6 62. c5 Rd4 63. Ng6+ Kh7 64. Qc2 Kh6 65. Ne7 1-0